LEADER 01084cam0-22003611i-450- 001 990006825040403321 005 20120306093116.0 010 $a88-400-0412-2 035 $a000682504 035 $aFED01000682504 035 $a(Aleph)000682504FED01 035 $a000682504 100 $a20090226d1996----km-y0itay50------ba 101 0 $aita 102 $aIT 105 $ay-------001yy 200 1 $aMinori, famiglia, giustizia$el'esperienza della messa alla prova nel processo penale minorile$fGilda Scardaccione, Fabio Merlini 210 $aMilano$cUnicopli$d1996 215 $a160 p.$d21 cm 225 1 $aMinori/Università 610 0 $aProcesso penale minorile$aSospensione 676 $a345.45087$v20$zita 700 1$aScardaccione,$bGilda$0238812 701 1$aMerlini,$bFabio$f<1963- >$0238813 801 0$aIT$bUNINA$gREICAT$2UNIMARC 901 $aBK 912 $a990006825040403321 952 $aV A 130$b27979$fFSPBC 952 $aXII F 743$b33561*$fFGBC 959 $aFSPBC 959 $aFGBC 996 $aMinori, famiglia, giustizia$9634077 997 $aUNINA LEADER 01384nam--2200409---450- 001 990000463110203316 005 20090313154935.0 010 $a88-464-2645-2 035 $a0046311 035 $aUSA010046311 035 $a(ALEPH)000046311USA01 035 $a0046311 100 $a20010523d2000----km-y0itay0103----ba 101 0 $aita 102 $aIT 105 $a||||||||001yy 200 1 $a<>analisi dei fabbisogni formativi e professionali del settore turismo$fa cura di Stefano Poeta 210 $aMilano$cFranco Angeli$dcopyr. 2000 215 $a357 p.$d23 cm 225 2 $aEconomia$v127 300 $aSul front.: CST, Centro Studi sul Turismo; EBNT, Ente bilaterale nazionale turismo 410 0 $12001$aEconomia$v127 606 $aAziende turistiche$xPersonale$xIstruzione professionale 676 $a338.47910712 702 1$aPOETA,$bSTEFANO 801 0$aIT$bsalbc$gISBD 912 $a990000463110203316 951 $a338.479 ANA 3 (IEP VIII 1412)$b8989 E.C.$cIEP VIII$d00072229 959 $aBK 969 $aE.C. 979 $aCHIARA$b40$c20010523$lUSA01$h0949 979 $aCHIARA$b40$c20010524$lUSA01$h1043 979 $c20020403$lUSA01$h1654 979 $aPATRY$b90$c20040406$lUSA01$h1632 979 $aRSIAV4$b90$c20090313$lUSA01$h1549 996 $aAnalisi dei fabbisogni formativi e professionali del settore turismo$9705345 997 $aUNISA